| 000 | 00872nam0a22002531 4500 | ||
|---|---|---|---|
| 001 | rc\154831 | ||
| 005 | 20250620211818.0 | ||
| 010 |
_a5-09-002702-X _910700 |
||
| 035 | _a(NLR Aleph) 005422149 | ||
| 090 |
_a7487348 _c7487348 |
||
| 100 | _a20030307d1992 |||y0rusy50 ca | ||
| 101 | 0 | _arus | |
| 102 | _aRU | ||
| 105 | _aa ||||||||| | ||
| 200 | 1 |
_aМатематика _eУчеб. для 5-го кл. шк. слабовидящих _f[Н.Я. Виленкин, А.С. Чесноков, С.И. Шварцбурд, В.И. Жохов] |
|
| 210 |
_aМ. _cПросвещение _d1992 |
||
| 215 |
_a479, [1] с. _cил. _d22 |
||
| 300 | _aАвт. указаны на обороте тит. л. | ||
| 701 | 1 |
_aВиленкин _bН.Я. _gНаум Яковлевич |
|
| 801 | 0 |
_aRU _bNLR _gpsbo |
|
| 801 | 1 |
_aRU _bELAR _2rusmarc |
|
| 852 |
_aNLR _j92-5/202 |
||
| 942 | _cBOOK | ||
| 980 | _aNB | ||